Las calles de Barcelona desaparecidas : (Record no. 183271)

MARC details
000 -LEADER
campo de control de longitud fija 00990nam a22002411i 4500
001 - NÚMERO DE CONTROL
campo de control 183271
003 - IDENTIFICADOR DE NÚMERO DE CONTROL
campo de control ES-MaACL
005 - FECHA Y HORA DE LA ÚLTIMA TRANSACCIÓN
campo de control 20250921063039.0
008 - DATOS DE LONGITUD FIJA--INFORMACIÓN GENERAL
campo de control de longitud fija 140205s1945 sp |||| | spa d
040 ## - FUENTE DE CATALOGACIÓN
Centro/agencia transcriptor ES-MaACL
080 ## - NÚMERO DE LA CLASIFICACIÓN DECIMAL UNIVERSAL
Número de la Clasificación Decimal Universal 711.72(460.235 B.)(09)
100 1# - ENTRADA PRINCIPAL--NOMBRE DE PERSONA
Nombre de persona Vallescá, Antonio
9 (RLIN) 154378
Término indicativo de función/relación Autor
245 14 - MENCIÓN DEL TÍTULO
Título Las calles de Barcelona desaparecidas :
Resto del título relación histórica desde la época romana hasta el siglo XX /
Mención de responsabilidad, etc. por Antonio Vallescá.
260 ## - PUBLICACIÓN, DISTRIBUCIÓN, ETC.
Lugar de publicación, distribución, etc. Barcelona :
Nombre del editor, distribuidor, etc. Librería Millá,
Fecha de publicación, distribución, etc. 1945 (
Fabricante Tall. Tip. Edic. Ariel)
300 ## - DESCRIPCIÓN FÍSICA
Extensión 83 páginas, 1 hoja, 9 hojas de láminas, 1 h. de plano :
Otras características físicas ilustrado ;
Dimensiones 21 cm.
490 1# - MENCIÓN DE SERIE
Mención de serie Monografías históricas de Barcelona ;
Designación de volumen o secuencia 2
650 #7 - PUNTO DE ACCESO ADICIONAL DE MATERIA--TÉRMINO DE MATERIA
Término de materia o nombre geográfico como elemento de entrada Calles-
Subdivisión geográfica Barcelona
9 (RLIN) 172253
830 1# - PUNTO DE ACCESO ADICIONAL DE SERIE-TÍTULO UNIFORME
Título uniforme Monografías históricas de Barcelona ;
Designación de volumen o secuencia 2
9 (RLIN) 191895
852 ## - LOCALIZACIÓN
Ubicación ES-MaACL
Número de control de estantería E-4174
itemnumber 190209
Ubicación en estantería Depósito 2
Encuadernación Encuadernación rústica
942 ## - ELEMENTOS DE ENTRADA SECUNDARIOS (KOHA)
Tipo de ítem Koha Libro impreso
Suprimir en OPAC No
Holdings
Estatus retirado Estado de pérdida Estado de daño No para préstamo Biblioteca de origen Biblioteca actual Ubicación en estantería Fecha de adquisición Fuente de adquisición Total de préstamos Signatura topográfica completa Código de barras Visto por última vez Precio de reemplazo Tipo de ítem Koha
        Biblioteca del Ateneo de Madrid Biblioteca del Ateneo de Madrid Depósito 2 05/02/2014     E-4174 1192617 23/02/2023 23/02/2023 Libro impreso